Statistics for The Nicene Creed

Click here to take the quiz!

General Stats

  • This quiz has been taken 793 times
  • The average score is 24 of 33

Answer Stats

HintAnswer% Correct
maker of heaven and _____earth
97%
the ______, the Almighty,Father
92%
We believe in ___ ___,one God
87%
the only ___ of Godson
86%
God from God, Light from _____,Light
84%
We believe in one Lord, _____ ______,Jesus Christ
83%
and all that is seen and ______.unseen
83%
____ God from true God,true
82%
he came down from ______:heaven
81%
the Lord, the giver of ____life
77%
Through him, all things were ____.made
77%
and is seated at the _____ ____ of the Father.right hand
77%
We believe in the Holy _____,Spirit
77%
On the _____ day he rose again in fulfillment of the scriptures;third
77%
to judge the ______ and the dead,living
76%
by the power of the ____ ______Holy Spirit
75%
he ________ into heavenascended
74%
he was born of the ______ ____Virgin Mary
73%
he suffered, died, and was ______.buried
71%
and his _______ will have no end.kingdom
70%
and became ___.man
70%
For our sake he was crucified under _______ ______Pontius Pilate;
68%
eternally ________ of the Father,begotten
66%
For us men and our __________salvation,
65%
We believe in one holy catholic and _________ church.apostolic
64%
He will come again in _____glory
64%
He has spoken through the ________.Prophets
59%
and the life of the _____ to come. Amen.world
59%
We look for the ____________ of the dead,resurrection
58%
With the Father and the Son he is worshiped and _________.glorified.
55%
We acknowledge one _______ for the forgiveness of sins.baptism
51%
who _________ from the Father and the Son.proceeds
45%
begotten, not made, one in _____ with the Father.Being
37%

Score Distribution

Percentile by Number Answered

Percent of People with Each Score

Your Score History

You have not taken this quiz